LDR 01198naa#a2200217#i#450# 001 RU\\bibl\125684 005 20260701101651.3 011 ## _a2782-5957 100 ## _a20260630b2026####ek#y0rusy0150####ca 102 ## _aRU 200 1# _aОЦЕНКА ВЛИЯНИЯ РЕЖИМОВ МЕХАНИЧЕСКОЙ ОБРАБОТКИ НА ШЕРОХОВАТОСТЬ ПОВЕРХНОСТИ ИМПЛАНТОВ ИЗ УЛЬТРАМЕЛКОЗЕРНИСТОГО И КРУПНОЗЕРНИСТОГО ТИТАНА _eЖурнальная статья 210 1# _aБрянск _cБрянский государственный технический университет _d2026 215 ## _a7 с. 608 ## _aЖурнальная статья _2local 675 ## _aОбработка резанием. 621.91 _z 686 ## _aОбщая технология машиностроения. Обработка металлов. 345 _2bbk 700 #1 _aХабарова _gАнастасия Вячеславовна 700 #1 _aПесин _gМихаил Владимирович 700 #1 _aМакаров _gВладимир Фёдорович 700 #1 _aКоногорова _gЛуиза Викторовна 856 4# _abstu.editorum.ru _u